| 000 | 01084nam a22002537a 4500 | ||
|---|---|---|---|
| 005 | 20170124103205.0 | ||
| 010 | _aB-003724 | ||
| 020 | _c150.00 | ||
| 035 | _aB-003724 | ||
| 037 | _bCen Lib/Ret | ||
| 040 |
_aDPL _bHN |
||
| 082 |
_a581 _bपुरीक |
||
| 100 |
_aपुरी, कंचन _993540 |
||
| 245 |
_aवनस्पति-जगत से परिचय / _cकंचन पुरी |
||
| 246 |
_aVanaspati jagat se parichay / _bby Kanchan Puri |
||
| 260 |
_aदिल्ली _bसोनाली साहित्य सदन _c2000 |
||
| 270 |
_bदिल्ली _a30/36, गली-9, विश्वास नगर, शाहदरा _e110032 |
||
| 300 |
_a167पृ. : _c21सेमी.(सजिल्द) _bसचित्र |
||
| 650 |
_aवनस्पति विज्ञान _993541 |
||
| 650 |
_aवनस्पति की महत्ता और रक्षा _980539 |
||
| 650 |
_aBotany _993542 |
||
| 650 |
_aThe importance of flora and defense _993543 |
||
| 942 |
_2ddc _cHN _h581 _mपुरीक |
||
| 999 |
_c120951 _d120951 |
||